000
00257nam a2200109Ia 4500
005
20251222141832.0
008
251222s9999||||xx |||||||||||||| ||spa||
082
_a
700/C76U
245
0
_a
Automatismos Paralelos:
264
_b
Comunidad de Madrid
942
_c
LIB
999
_c
7139
_d
7139